Developing country perspectives on publics service delivery/ (Record no. 597503)

000 -LEADER
fixed length control field 00299nam a2200109Ia 4500
008 - FIXED-LENGTH DATA ELEMENTS--GENERAL INFORMATION
fixed length control field 230907s9999||||xx |||||||||||||| ||und||
082 ## - DEWEY DECIMAL CLASSIFICATION NUMBER
Classification number 351,DEV
245 #0 - TITLE STATEMENT
Title Developing country perspectives on publics service delivery/
260 ## - PUBLICATION, DISTRIBUTION, ETC.
Place of publication, distribution, etc. Springer
Name of publisher, distributor, etc. New York
Date of publication, distribution, etc. 2015
300 ## - PHYSICAL DESCRIPTION
Extent xix, 293p.:
942 ## - ADDED ENTRY ELEMENTS (KOHA)
Koha item type Book
Holdings
Withdrawn status Lost status Damaged status Not for loan Permanent Location Current Location Date acquired Total Checkouts Full call number Barcode Date last seen Price effective from Koha item type
        US-Pakistan Center for Advanced Studies in Energy (USPCAS-E) US-Pakistan Center for Advanced Studies in Energy (USPCAS-E) 04/19/2018   351,DEV CAS-E0001602 09/12/2023 09/12/2023 Book
© 2023 Central Library, National University of Sciences and Technology. All Rights Reserved.